000 00877cam a2200301 4500500
005 20260329001301.0
041 _afre
042 _adc
100 1 0 _aMoreau, Anne-Sophie
_eauthor
245 0 0 _a“Dès lors que la différence humaine est là, les querelles se dissipent”
260 _c2023.
500 _a48
690 _aCollaboration
690 _aCommunication
690 _aCompétences
690 _aCoopération
690 _aCulture d’entreprise
690 _aDiversité
690 _aEntreprise
690 _aIntelligence émotionnelle
690 _aManagement
690 _aRecrutement
690 _aRessources humaines
690 _aSoft skills
690 _aTravail
786 0 _nPhilonomist | - | 9 | 2023-09-11 | p. 22-27
856 4 1 _uhttps://shs.cairn.info/magazine-philonomist-2023-9-page-22?lang=fr&redirect-ssocas=7080
999 _c1803871
_d1803871